Kazanie i historyczne egzemplum w późnośredniowiecznym Chełmnie

Titel: Kazanie i historyczne egzemplum w późnośredniowiecznym Chełmnie
Verfasser:
In: Ecclesia et civitas, (2002), Seite 473-482
alle Artikel anzeigen
Veröffentlicht: 2002
Format: Aufsatz
Sprache: Polnisch
Kein Bild verfügbar
X
alg: 39365730
001A    $01999:12-11-16 
001B    $01999:25-05-21 $t21:46:13.000 
001D    $01999:12-11-16 
001U    $0utf8 
001X    $00 
002@    $0Aox 
003@    $0393657302 
007A    $0393657302 $aHEB 
007T    $0Herdk22567 
010@    $apol 
011@    $a2002 
021A    $aKazanie i historyczne egzemplum w późnośredniowiecznym Chełmnie 
028A    $aWenta $dJarosław 
031A    $h473-482 $j2002 
039B    $aIn $8--Aau--. Ecclesia et civitas. - Warszawa : Inst. Historii Polskiej Akad. Nauk, 2002. - 534 S.. - Ill.. - ISBN 83-86301-98-8 $x200200000000000527 $9115177019 
045F    $a307.094382 $eDDC23BSB 
045F/01 $a307.09 
045F/03 $g4382 
045F/03 $g43832 

lok: 39365730 78

exp: 39365730 78 1 #EPN
201B/01 $021-02-19 $t22:41:42.000 
201U/01 $0utf8 
203@/01 $0789767791 
208@/01 $a12-11-16 $be 
209A/01 $a/ $f000 $x00 
220C/01 $aTitelaufnehmer: pbb 
220C/01 $aHerkunft: IH PAN/PBB Kraków 
244Z/01 $2Trx $#Prusy Wschodnie i Zachodnie $8--Trx--Ost- und Westpreußen $x01 $939113373X 
244Z/01 $#Culm, Weichsel $#Kulm, Weichsel $#Kulm $#Culm Chełmno $#Kulm Chełmno $#Kreisstadt Kulm $#Stadt Kulm $#Culm i. Westpr. $74070152-9 $8--Tg1--Chełmno $x02 $9085197343 
244Z/01 $aGeschichte 1200-1500 $x03 
244Z/01 $2Trx $#jutlused $#pamokslai $#sermons $#prédikációk $#kazania $#kázne $#kázání $8--Trx--Predigten $x04 $9391354450 
244Z/01 $2Trx $8--Trx--Einzelbeiträge $x05 $9391384570 
245Z/01 $a13.03 $x01 
245Z/01 $a10.02.01 $x02 
247C/01 $82080>Marburg/Lahn, Herder-Institut, Forschungsbibliothek, Bibliographieportal $9336309341
LEADER 00000caa a22000002c 4500
001 393657302
003 DE-603
005 20210525214613.0
007 tu
008 161112s2002 xx |||| | u00||u|pol c
035 |a (DE-599)HEB393657302 
040 |a DE-603  |b ger  |c DE-603  |d DE-603 
041 |a pol 
082 0 4 |8 1\u  |a 307.094382  |q DE-101  |2 23/BSB 
085 |8 1\u  |b 307.09 
085 |8 1\u  |z 2  |s 4382 
085 |8 1\u  |z 2  |s 43832 
100 1 |a Wenta, Jarosław 
245 0 0 |a Kazanie i historyczne egzemplum w późnośredniowiecznym Chełmnie 
264 0 |c 2002 
773 0 8 |i In  |t Ecclesia et civitas  |d Warszawa : Inst. Historii Polskiej Akad. Nauk, 2002  |h 534 S., Ill.  |z 8386301988  |g (2002), Seite 473-482  |w (DE-603)115177019 
924 0 |9 2080  |a (DE-603)789767791  |b DE-2080  |c HES  |d d  |g /